000
00215 a2200097 4500
001
49328
100
_a
Hampelen
245
_a
Modern Stories
260
_a
London
_b
Thomas Nelson & Sons Ltd
_c
090
_c
31878
_d
31878
942
_a
NUST-CAE
_c
M
_c
24311
999
_c
284401
_d
284401